History Quiz

Random History or Clickable Quiz

1950's U.S. Match Up Quiz Stats

 Plays Quiz not verified by Sporcle

Score 0/32 Timer 05:00
0 Plays Today
% Correct
Elvis
98.6%
The Catcher
98.4%
Dwight David
98.4%
Rock 'N'
98.1%
In God
97.6%
Hula
97.5%
First Hydrogen
97.4%
Polio
97.3%
Rosa
97%
I Love
96.8%
Drive-In
96.2%
Stay At
95.4%
Racial
95.2%
Golden Age
95%
3-D
94.3%
Modern Credit
93.6%
% Correct
I Like
93.5%
Brown V.
92.9%
Y (Why), Because
92.5%
Post-War
92.3%
Rocky
92.1%
Duck
91.1%
Ant
90.6%
American
90.5%
Gelatin
89.9%
Telephone
88.9%
Red
87.3%
Poodle
85%
Panty
82.9%
Sock
81%
DA (Duck's Ass)
75.4%
Letter
72.4%

You're not logged in!

Compare scores with friends on all Sporcle quizzes.
OR
Log In

Sporcle TV

Today on Sporcle TV


Watch our educational content, quiz creation guides, and fun videos on Sporcle TV.

Show Comments

Extras

Top Quizzes Today


Score Distribution

Your Account Isn't Verified!

In order to create a playlist on Sporcle, you need to verify the email address you used during registration. Go to your Sporcle Settings to finish the process.

Report this User

Report this user for behavior that violates our Community Guidelines.

Details: